LEADER 04968nam 2200601 450 001 9910465937703321 005 20200917021826.0 010 $a1-78560-784-7 035 $a(CKB)3710000000611021 035 $a(EBL)4509352 035 $a(MiAaPQ)EBC4509352 035 $a(Au-PeEL)EBL4509352 035 $a(CaPaEBR)ebr11207754 035 $a(CaONFJC)MIL903457 035 $a(OCoLC)950463449 035 $a(EXLCZ)993710000000611021 100 $a20160519h20162016 uy 0 101 0 $aeng 135 $aur|n|---||||| 181 $2rdacontent 182 $2rdamedia 183 $2rdacarrier 200 00$aCommunication and information technologies annual $enew media cultures /$fedited by Laura Robinson [and five others] 205 $aFirst edition. 210 1$aBingley, England :$cEmerald,$d2016. 210 4$dİ2016 215 $a1 online resource (311 p.) 225 1 $aStudies in Media and Communications,$x2050-2060 ;$vVolume 11 300 $aDescription based upon print version of record. 311 $a1-78560-785-5 320 $aIncludes bibliographical references. 327 $aFront Cover; Communication and Information Technologies Annual; Copyright page; Contents; Editorial Board; List of Contributors; Acknowledgments; Introduction: Volume 11; Section I: Communicative Cultures; Section II: Media, Culture, and Identity; Section III: Digital Public Cultures; Section IV: Methods for Studying Media and Culture; Section I. Communicative Cultures; On Violating One's Own Privacy: N-adic Utterances and Inadvertent Disclosures in Online Venues; Introduction; Blog Interaction, Multiple Audiences, and Language; How a Shared Indexical Ground Is Signaled Using Deictics 327 $aData and MethodsHow Awareness of Audiences Shifts Online Disclosures; Orienting toward an Uncertain Audience; Orienting toward the Chorus; Orienting toward Influential Outsiders; Adjustments to the Content of the Posts and the Technical Interface; Conclusion; Notes; Acknowledgments; References; Couples' Use of Technology in Maintaining Relationships; Introduction; Previous Research; Personal Relationships and Technology; Relationship Maintenance in the Digital Age; Data and Methods; Findings; Patterns of Communication; Technology Use in Relationship Maintenance; Positivity; Understanding 327 $aRelationship Talk and Self-DisclosureAssurances; Sharing Tasks; Social Networks; Communication Coordination; Explaining Patterns of Maintenance Behaviors; Discussion; Conclusion; Notes; Acknowledgments; References; Appendix; Interview Methodology; Section II. Media, Culture, and Identity; Spectacles of Self(ie) Empowerment? Networked Individualism and the Logic of the (Post)Feminist Selfie; Introduction; The Medium and Its (Mixed) Messages; Ideological Underpinnings: (Networked) Individualism and Post-Feminism; The Empowered Post-Feminist Selfie? 327 $aCase study: The "Perfect" Body? False Representations Yield Revealing RealizationsCase Study: #Freethenipple, Sex Positivity, and Dress Code Sexism; Conclusion; Notes; References; You've Been Catfished: An Analysis of Postemotionalism in "Reality" Television and Audience Response on Twitter; Introduction; "Catfish: The TV Show"; Postemotional Society and Reality Television in the Digital Age; Identity Management in the Digital Age: The Case of Catfish; Method; Step 1; Step 2; Case Study|Catfish the TV Show: Season 2, episode 7; Audience Response on Twitter; Discussion; Conclusion; References 327 $aCultures of Experimentation: Role-Playing Games and Sexual IdentityIntroduction; Background; Sexualities in Video Games; Case Study: Dragon Age; Masculinities; Methodology; Ethical Considerations; Findings; To Role-Play or Not to Role-Play, That Is the Question; The 'Disinhibition Effect' and the 'Proteus Effect'; Inclusivity; Comfort with LGBT Content; Conclusion; References; Appendix; Section III. Digital Public Cultures; Twitter Sentiments: Pattern Recognition and Poll Prediction; Introduction; Tweets and Votes; Research Design; Scoring Guidelines for Polarity (Sentiment Analysis) 327 $aValidity and Reliability 330 $aThis volume examines wide-ranging aspects of culture, communication, and [new] media broadly defined. Themes include the interplay between [new] media and any of the following: culture, communication, technology, convergence, the arts, cultural production, and cultural change in the digital age. 410 0$aStudies in media and communications ;$vVolume 11. 606 $aDigital media 606 $aDigital communications 608 $aElectronic books. 615 0$aDigital media. 615 0$aDigital communications. 676 $a302.231 702 $aRobinson$b Laura 801 0$bMiAaPQ 801 1$bMiAaPQ 801 2$bMiAaPQ 906 $aBOOK 912 $a9910465937703321 996 $aCommunication and information technologies annual$91959749 997 $aUNINA